Piratas y contrabandistas de ambas Indias, y estado presente de ellas 1693

Saved in:
Bibliografiske detaljer
Hovedforfatter: Seyxas y Lovera, Francisco de (Author)
Format: Bog
Sprog:spansk
Udgivet: s.l Fundación Barrié 2011
Udgivelse:1a. ed
Serier:Colección Galicia Exterior
Fag:
Tags: Tilføj Tag
Ingen Tags, Vær først til at tagge denne postø!

MARC

LEADER 00000cam a2200000 a 4500
001 UCC2014
003 CL-VaPUC
008 171230e20110000sp |||||||||||||||||spa|d
020 |a 9788497520317 
082 0 4 |a 980.005  |b SEY  |2 21 
100 0 |a Seyxas y Lovera, Francisco de  |e author  |9 596162 
245 1 0 |a Piratas y contrabandistas de ambas Indias, y estado presente de ellas 1693 
250 |a 1a. ed 
300 |a 320 p 
942 |c BK 
945 |d 20171230 00:11:00  |a dcastane 
260 |a s.l  |b Fundación Barrié  |c 2011 
650 7 |a HISTORIA DE AMERICA SIGLO 16  |2 CL-VaPUC  |9 317731 
650 7 |a HISTORIA DE AMERICA SIGLO 17  |2 CL-VaPUC  |9 446453 
650 7 |a PIRATAS  |2 CL-VaPUC  |9 317855 
583 |a last modification  |c 20171230 00:11:00  |k Rodrigo Vera 
490 0 |a Colección Galicia Exterior 
999 |c 370334  |d 370332 
952 |0 0  |1 0  |3 erb  |4 0  |6 980_005000000000000_SEY_2011  |7 0  |8 A  |9 486726  |a BIBHIS  |b BIBHIS  |i 5443776  |l 6  |m 1  |o 980.005 SEY 2011  |p 5443776  |r 2025-01-20  |s 2024-11-19  |w 2019-11-24  |y BK  |z Catalogado en:20171230  |k HIS